Statistics for Interior U.S. States

Click here to take the quiz!

General Stats

  • This quiz has been taken 33 times
  • The average score is 15 of 17

Answer Stats

State% Correct
Kentucky
100%
South Dakota
100%
Tennessee
100%
Oklahoma
97%
Utah
97%
Wyoming
97%
Colorado
94%
Kansas
94%
Missouri
94%
West Virginia
94%
Arkansas
91%
Nebraska
91%
Nevada
88%
Indiana
84%
Iowa
84%
Illinois
69%
Wisconsin
66%

Score Distribution

Percentile by Number Answered

Percent of People with Each Score

Your Score History

You have not taken this quiz